[Event "7th Sharjah Masters 2024"]
[Site "Sharjah UAE"]
[Date "2024.05.18"]
[Round "5.18"]
[White "Martirosyan, Haik M."]
[Black "Moroni, Luca Jr"]
[Result "1-0"]
[WhiteTitle "GM"]
[BlackTitle "GM"]
[WhiteElo "2679"]
[BlackElo "2581"]
[WhiteFideId "13306553"]
[BlackFideId "865834"]
[EventDate "2024.05.14"]

1. e4 e5 2. Nf3 Nc6 3. Bc4 Bc5 4. c3 Nf6 5. d3 d6 6. O-O a6 7. Re1 Ba7 8. Nbd2
O-O 9. Nf1 h6 10. Ng3 Be6 11. Bxe6 fxe6 12. h3 Qe8 13. Be3 Bxe3 14. Rxe3 Rd8 15.
Qb3 b6 16. d4 Kh8 17. Rd1 Na5 18. Qc2 Nc6 19. a3 b5 20. Red3 Nd7 21. Qe2 Rb8 22.
Nf1 Qg6 23. Re3 Nf6 24. g3 Qf7 25. N1h2 Kg8 26. dxe5 dxe5 27. b4 Rfd8 28. Rxd8+
Rxd8 29. a4 Qd7 30. Kg2 bxa4 31. Qxa6 Ne7 32. b5 Qd6 33. Qxa4 Qc5 34. Ng4 Nxg4
35. hxg4 Nc8 36. Qa2 Re8 37. g5 Nd6 38. gxh6 gxh6 39. c4 Rf8 40. Nd2 c6 41. b6
Qxb6 42. c5 Qxc5 43. Qxe6+ Kg7 44. Nf3 Rf6 45. Qg4+ Kf8 46. Rb3 Qc4 47. Rb8+ Ke7
48. Ra8 Nf5 49. Ra7+ Kd6 50. Rd7+ Kc5 51. Nd2 Qb4 52. Qh5 Rd6 53. Qxf5 1-0

[Event "7th Sharjah Masters 2024"]
[Site "Sharjah UAE"]
[Date "2024.05.18"]
[Round "5.19"]
[White "Pranav, V"]
[Black "Yakubboev, Nodirbek"]
[Result "1-0"]
[WhiteTitle "GM"]
[BlackTitle "GM"]
[WhiteElo "2587"]
[BlackElo "2665"]
[WhiteFideId "25060783"]
[BlackFideId "14203987"]
[EventDate "2024.05.14"]

1. e4 e5 2. Nc3 Nf6 3. Bc4 Nc6 4. d3 Na5 5. Bb3 Nxb3 6. axb3 d5 7. Nf3 Bb4 8.
O-O dxe4 9. Nxe5 Bxc3 10. bxc3 O-O 11. Bg5 exd3 12. Nxd3 h6 13. Bh4 g5 14. Bg3
Bg4 15. f3 Bf5 16. Be5 Nd7 17. Bd4 a5 18. c4 a4 19. Rxa4 Rxa4 20. bxa4 Re8 21.
c5 Nf8 22. Bf2 Qd7 23. Qa1 Re2 24. a5 c6 25. Nb4 Re6 26. Rd1 Qe7 27. Qd4 g4 28.
Qf4 Qg5 29. Qxg5+ hxg5 30. fxg4 Bxg4 31. Rd8 Re7 32. h3 Be6 33. Rb8 Rd7 34. a6
bxa6 35. Nxc6 Rd1+ 36. Kh2 Kg7 37. Nd4 Rf1 38. Bg3 1-0

[Event "7th Sharjah Masters 2024"]
[Site "Sharjah UAE"]
[Date "2024.05.18"]
[Round "5.20"]
[White "Sadhwani, Raunak"]
[Black "Horvath, Dominik"]
[Result "1/2-1/2"]
[WhiteTitle "GM"]
[BlackTitle "IM"]
[WhiteElo "2654"]
[BlackElo "2554"]
[WhiteFideId "35093487"]
[BlackFideId "1642561"]
[EventDate "2024.05.14"]

1. c4 c5 2. Nc3 Nf6 3. g3 Nc6 4. Bg2 e6 5. Nf3 d5 6. cxd5 exd5 7. d4 cxd4 8.
Nxd4 Bc5 9. Nxc6 bxc6 10. Qa4 Bd7 11. O-O O-O 12. Bg5 Rb8 13. Qc2 Be7 14. Bf4
Rb6 15. e4 Nxe4 16. Nxe4 dxe4 17. Bxe4 h6 18. Rad1 Qc8 19. Rfe1 Be6 20. b3 c5
21. Be3 Qc7 22. Rc1 Rc8 23. Qe2 Qd7 24. Bf3 a5 25. Red1 Qe8 26. Qe1 a4 27. Qa5
Rb4 28. Bd2 1/2-1/2

[Event "7th Sharjah Masters 2024"]
[Site "Sharjah UAE"]
[Date "2024.05.18"]
[Round "5.21"]
[White "Gurel, Ediz"]
[Black "Ter-Sahakyan, Samvel"]
[Result "1/2-1/2"]
[WhiteTitle "GM"]
[BlackTitle "GM"]
[WhiteElo "2578"]
[BlackElo "2652"]
[WhiteFideId "44507356"]
[BlackFideId "13302531"]
[EventDate "2024.05.14"]

1. e4 e5 2. Nf3 Nc6 3. Bb5 a6 4. Ba4 Nge7 5. O-O Ng6 6. c3 d5 7. exd5 Qxd5 8. d4
Bg4 9. Bb3 Bxf3 10. Bxd5 Bxd1 11. Rxd1 O-O-O 12. Bxf7 exd4 13. Bg5 Be7 14. Bxe7
Ngxe7 15. cxd4 Nxd4 16. Nc3 Rhf8 17. Bc4 Ng8 18. f3 Nf6 19. Rac1 c6 20. Re1 b5
21. Bf1 Rfe8 22. Rxe8 Rxe8 23. Kf2 Kc7 24. h4 c5 25. g4 Rf8 26. Kg3 c4 27. h5 h6
28. Rd1 Rd8 29. a3 Kc6 30. f4 Kc5 31. Re1 Nc6 32. Re6 a5 33. Bg2 Nd4 34. Re5+
Kb6 35. g5 hxg5 36. fxg5 Nxh5+ 37. Kg4 g6 38. Be4 Ng7 39. Bxg6 b4 40. Na4+ Ka6
41. Bf7 Nb5 42. Rc5 Rd4+ 43. Kh3 Nd6 44. g6 Nxf7 45. gxf7 Rf4 46. axb4 axb4 47.
Rxc4 Rxf7 1/2-1/2

[Event "7th Sharjah Masters 2024"]
[Site "Sharjah UAE"]
[Date "2024.05.18"]
[Round "5.24"]
[White "Kadric, Denis"]
[Black "Suleymanli, Aydin"]
[Result "0-1"]
[WhiteTitle "GM"]
[BlackTitle "GM"]
[WhiteElo "2558"]
[BlackElo "2621"]
[WhiteFideId "14403803"]
[BlackFideId "13413937"]
[EventDate "2024.05.14"]

1. e4 e5 2. Nf3 Nc6 3. Bc4 Nf6 4. d3 Bc5 5. O-O d6 6. c3 O-O 7. h3 h6 8. b4 Bb6
9. a4 a5 10. b5 Ne7 11. Nbd2 Ng6 12. d4 exd4 13. cxd4 d5 14. exd5 Nxd5 15. Qb3
Be6 16. Ba3 Re8 17. Rfe1 Ndf4 18. Rad1 Bxc4 19. Rxe8+ Qxe8 20. Nxc4 Qe6 21. Re1
Qd5 22. Qc3 Rd8 23. Nxb6 cxb6 24. Re3 Ne6 25. Bb2 Ngf4 26. Kh2 Qd6 27. Qa3 Qxa3
28. Rxa3 Nd5 29. Ra1 Rc8 30. Kg1 Rc2 31. Bc1 f6 32. Kf1 Kf7 33. g3 Ke7 34. Ke1
Nb4 35. Ba3 Rc3 36. Ke2 Kd6 37. Bxb4+ axb4 38. Rb1 b3 39. Ne1 Kd5 40. Ng2 Nxd4+
41. Kd2 Rc2+ 42. Kd3 Rxf2 43. Ne3+ Kc5 44. Rc1+ Nc2 0-1

[Event "7th Sharjah Masters 2024"]
[Site "Sharjah UAE"]
[Date "2024.05.18"]
[Round "5.25"]
[White "Gledura, Benjamin"]
[Black "Pranav, Anand"]
[Result "1/2-1/2"]
[WhiteTitle "GM"]
[BlackTitle "GM"]
[WhiteElo "2619"]
[BlackElo "2532"]
[WhiteFideId "712779"]
[BlackFideId "46626786"]
[EventDate "2024.05.14"]

1. Nf3 Nf6 2. g3 d5 3. Bg2 e6 4. O-O Be7 5. d3 O-O 6. Bf4 b5 7. a3 Bb7 8. Nc3 a6
9. e4 c5 10. e5 Nfd7 11. Re1 Nc6 12. h4 b4 13. axb4 Nxb4 14. Qd2 Qb6 15. h5 Rfc8
16. h6 g6 17. Bg5 Bf8 18. Nh2 Nc6 19. Ng4 Nd4 20. Ra2 Nf5 21. b3 Bc6 22. Rea1
Qb4 23. Bf4 Qb7 24. Ne2 d4 25. Bxc6 Qxc6 26. Qd1 Be7 27. Kh2 Qd5 28. Qh1 g5 29.
Qxd5 exd5 30. Rxa6 Rxa6 31. Rxa6 gxf4 32. Nxf4 Nb8 33. Rb6 Nc6 34. Nxd5 Bf8 35.
Kg2 Kh8 36. Kf3 Nxh6 37. Nxh6 Bxh6 38. Ke4 Bf8 39. Rb7 Kg7 40. f4 Kg6 41. g4 Kg7
42. Rd7 Nb8 43. Ra7 Nc6 44. Rb7 Kg6 45. f5+ Kg5 46. Nf6 Bg7 47. Nxh7+ Kh6 48.
Nf6 Nxe5 49. Kxe5 Re8+ 50. Kd5 Bxf6 51. Rxf7 Re5+ 52. Kc4 Kg5 53. Rf8 Re2 54.
Rg8+ Kf4 55. Kxc5 Rxc2+ 56. Kd5 1/2-1/2

[Event "7th Sharjah Masters 2024"]
[Site "Sharjah UAE"]
[Date "2024.05.18"]
[Round "5.26"]
[White "Krzyzanowski, Marcin"]
[Black "Petrosyan, Manuel"]
[Result "1/2-1/2"]
[WhiteTitle "GM"]
[BlackTitle "GM"]
[WhiteElo "2526"]
[BlackElo "2618"]
[WhiteFideId "1132199"]
[BlackFideId "13300857"]
[EventDate "2024.05.14"]

1. e4 c5 2. Nf3 Nc6 3. Bb5 e6 4. Bxc6 bxc6 5. d3 Qc7 6. h4 e5 7. h5 d5 8. Qe2 f6
9. c4 d4 10. Nh4 g6 11. g3 Bd6 12. Nd2 Ne7 13. Qf3 Rf8 14. Nb3 Be6 15. Bh6 Rf7
16. Bd2 Qd7 17. hxg6 hxg6 18. Qe2 Rh7 19. O-O-O O-O-O 20. Qf3 Rdh8 21. Qxf6 Ng8
22. Qf3 Bg4 23. Qg2 Bxd1 24. Rxd1 Qg4 25. f3 Qe6 26. Bg5 Nh6 27. f4 exf4 28. e5
Bf8 29. Na5 Kd7 30. Nxg6 Qxg6 31. Bf6 Ke8 32. Qxc6+ Kf7 33. Qd5+ Ke8 34. Qd8+
Kf7 35. Qd5+ Ke8 36. Qc6+ Kf7 37. gxf4 Kg8 38. Qd5+ Rf7 39. Nc6 Rh7 40. Nd8 Nf5
41. Nxf7 Rxf7 42. Rh1 Bh6 43. Qd8+ Rf8 44. Qd5+ Rf7 45. Qd8+ Rf8 46. Qd7 Bxf4+
47. Kb1 Bh6 48. Qd5+ Kh7 49. Qxc5 Rf7 50. Qc8 Ng7 51. Rd1 Qh5 52. Rf1 Qe2 53.
Qh3 Qe3 54. Rh1 Qxh3 55. Rxh3 Ne6 56. b4 Kg6 57. Kc2 Bf8 58. Rg3+ Kf5 59. a3 a5
60. Kb3 axb4 61. axb4 Rb7 62. b5 Ra7 63. Rh3 Kg4 64. Rh4+ Kf3 65. c5 Nxc5+ 66.
Kc4 Ra4+ 67. Kd5 Nxd3 68. Bg5 Rb4 69. b6 Rxb6 70. Kxd4 Nc5 71. Rf4+ Ke2 72. Kd5
Ne6 73. Rf6 Nc7+ 74. Ke4 Rb4+ 75. Kf5 Rb8 76. Rc6 Nb5 77. Kg6 Ba3 78. Bf6 Nd4
79. Ra6 Rb3 80. e6 Rg3+ 81. Kf7 Nf5 82. e7 Bxe7 83. Bxe7 Nxe7 84. Kxe7 Re3+ 85.
Re6 Rxe6+ 86. Kxe6 1/2-1/2

[Event "7th Sharjah Masters 2024"]
[Site "Sharjah UAE"]
[Date "2024.05.18"]
[Round "5.27"]
[White "Aditya, Mittal"]
[Black "Siddharth, Jagadeesh"]
[Result "1/2-1/2"]
[WhiteTitle "GM"]
[BlackTitle "IM"]
[WhiteElo "2608"]
[BlackElo "2512"]
[WhiteFideId "35042025"]
[BlackFideId "5818320"]
[EventDate "2024.05.14"]

1. e4 e6 2. d4 d5 3. e5 c5 4. c3 Nc6 5. Nf3 Bd7 6. Be2 f6 7. O-O fxe5 8. dxe5
Nh6 9. Re1 Be7 10. c4 d4 11. Bf4 O-O 12. Qd2 Nf5 13. Na3 h6 14. h3 Nb4 15. Bh2
Bc6 16. Nc2 Nh4 17. Nxb4 Bxf3 18. Bxf3 Nxf3+ 19. gxf3 cxb4 20. Qd3 Bc5 21. Re4
Qg5+ 22. Bg3 Qf5 23. Kg2 Rf7 24. Qe2 Raf8 25. Rf4 Qg6 26. Rxf7 Rxf7 27. Rd1 Qf5
28. f4 Rd7 29. Rd3 Qg6 30. f3 Rf7 31. Qe4 Qxe4 32. fxe4 g5 33. Kf3 gxf4 34. Bh4
Rg7 35. Bf2 Rf7 36. Bh4 1/2-1/2

[Event "7th Sharjah Masters 2024"]
[Site "Sharjah UAE"]
[Date "2024.05.18"]
[Round "5.28"]
[White "Adhiban, Baskaran"]
[Black "Idani, Pouya"]
[Result "1-0"]
[WhiteTitle "GM"]
[BlackTitle "GM"]
[WhiteElo "2523"]
[BlackElo "2605"]
[WhiteFideId "5018471"]
[BlackFideId "12510130"]
[EventDate "2024.05.14"]

1. e4 c6 2. d4 d5 3. e5 Bf5 4. Nc3 e6 5. g4 Bg6 6. Nge2 Be7 7. Nf4 Nd7 8. Be3
Qb6 9. Rb1 c5 10. Bb5 O-O-O 11. O-O Nh6 12. dxc5 Qc7 13. Ncxd5 exd5 14. Nxd5
Nxe5 15. Nxc7 Rxd1 16. Rbxd1 Bxc2 17. Nd5 Bh4 18. Rc1 Be4 19. Nc3 Bf3 20. Bxh6
gxh6 21. Be2 h5 22. Bxf3 Nxf3+ 23. Kg2 hxg4 24. Nb5 a6 25. Nd6+ Kc7 26. h3 h5
27. hxg4 hxg4 28. Rh1 Rf8 29. Rc4 f5 30. Rf4 1-0

[Event "7th Sharjah Masters 2024"]
[Site "Sharjah UAE"]
[Date "2024.05.18"]
[Round "5.29"]
[White "Gupta, Abhijeet"]
[Black "Gholami Orimi, Mahdi"]
[Result "1/2-1/2"]
[WhiteTitle "GM"]
[BlackTitle "IM"]
[WhiteElo "2604"]
[BlackElo "2470"]
[WhiteFideId "5010608"]
[BlackFideId "12558486"]
[EventDate "2024.05.14"]

1. Nf3 d5 2. d4 Nf6 3. c4 e6 4. Nc3 Bb4 5. e3 O-O 6. Bd2 b6 7. cxd5 exd5 8. Bd3
Bb7 9. O-O Bd6 10. Qb1 Re8 11. b4 Nbd7 12. a4 a6 13. b5 axb5 14. Nxb5 Bf8 15.
Rc1 c5 16. Be1 c4 17. Bf5 Bc6 18. Qb2 Ne4 19. Bxe4 Rxe4 20. Bb4 Bxb4 21. Qxb4
Ra5 22. Nd2 Re8 23. h3 h6 24. Nc3 Qf6 25. Rd1 Qe7 26. Qxe7 Rxe7 27. e4 Nf6 28.
Rdb1 Ra6 29. e5 Nd7 30. f4 Re8 31. Nf1 f6 32. Ne3 fxe5 33. fxe5 Nxe5 34. Nexd5
Bxd5 35. Nxd5 Ra5 36. Nxb6 Nc6 37. d5 Ne5 38. Rc1 Rd8 39. Rab1 Nd7 40. Rxc4 Rb8
41. Rc8+ Rxc8 42. Nxc8 Rxa4 43. Rb7 Nf6 44. Ne7+ Kh8 45. d6 Rd4 46. Nf5 Rd5 47.
g4 Ne4 48. d7 Kh7 49. d8=Q Rxd8 50. Rxg7+ Kh8 51. Rg6 h5 52. Rh6+ Kg8 53. Rxh5
Rd2 54. Ne3 Re2 55. Nd5 Ng3 56. Rg5+ Kf7 57. Nf4 Ra2 58. Re5 Kf6 59. Rb5 Ne4 60.
Rf5+ Kg7 61. Re5 Ra1+ 62. Kg2 Ra2+ 63. Kf3 Nd2+ 64. Kg3 Ra3+ 65. Kg2 Nf3 66.
Re7+ Kh6 67. Re2 Kg5 68. Nd5 Kh4 69. Re3 Rxe3 70. Nxe3 Ne1+ 71. Kf2 Nd3+ 72. Kg2
Nf4+ 73. Kf3 Nxh3 74. Ng2+ Kg5 75. Kg3 Nf2 1/2-1/2

[Event "7th Sharjah Masters 2024"]
[Site "Sharjah UAE"]
[Date "2024.05.18"]
[Round "5.30"]
[White "Blohberger, Felix"]
[Black "Kuybokarov, Temur"]
[Result "1/2-1/2"]
[WhiteTitle "GM"]
[BlackTitle "GM"]
[WhiteElo "2506"]
[BlackElo "2602"]
[WhiteFideId "1632051"]
[BlackFideId "14203049"]
[EventDate "2024.05.14"]

1. Nf3 d5 2. g3 Bg4 3. Bg2 c6 4. h3 Bxf3 5. Bxf3 Nd7 6. O-O e5 7. d3 Ngf6 8. e4
Bc5 9. exd5 Nxd5 10. Nc3 Nc7 11. Na4 Be7 12. d4 exd4 13. Qxd4 Ne6 14. Qe3 Qa5
15. b3 h5 16. Bb2 Qf5 17. Bg2 Bf6 18. Rfe1 O-O 19. Rad1 Rfd8 20. Qd3 Qa5 21. Bc3
Bxc3 22. Qxc3 Qc7 23. h4 Rac8 24. Bf3 1/2-1/2

[Event "7th Sharjah Masters 2024"]
[Site "Sharjah UAE"]
[Date "2024.05.18"]
[Round "5.31"]
[White "Sjugirov, Sanan"]
[Black "Assaubayeva, Bibisara"]
[Result "0-1"]
[WhiteTitle "GM"]
[BlackTitle "IM"]
[WhiteElo "2692"]
[BlackElo "2481"]
[WhiteFideId "4189302"]
[BlackFideId "13708694"]
[EventDate "2024.05.14"]

1. c4 Nf6 2. g3 g6 3. Bg2 Bg7 4. d4 O-O 5. Nc3 d6 6. Nf3 c5 7. O-O Nc6 8. d5 Na5
9. Nd2 e6 10. Qc2 Rb8 11. b3 exd5 12. cxd5 b5 13. Bb2 b4 14. Nd1 Ba6 15. Re1 Re8
16. a3 Bxe2 17. Ne3 Bb5 18. axb4 cxb4 19. Bd4 Nb7 20. Rxa7 Nc5 21. Rea1 Nfd7 22.
Nf3 Bd3 23. Qb2 Bxd4 24. Nxd4 Qf6 25. R1a2 Bb1 26. Qxb1 Qxd4 27. Qb2 Qc3 28. Bf1
Ne5 29. Rc7 Qxb3 30. Qxb3 Nxb3 31. f4 Nf3+ 32. Kf2 Nxh2 33. Bc4 Nc5 34. Raa7 Ra8
35. Rxf7 Rxa7 36. Rxa7 b3 37. Nd1 Ng4+ 38. Kf3 h5 39. Ra3 Re1 40. Be2 Kg7 41.
Ra7+ Kf6 42. Ra8 Ne4 43. Re8 Nh2+ 0-1

[Event "7th Sharjah Masters 2024"]
[Site "Sharjah UAE"]
[Date "2024.05.18"]
[Round "5.32"]
[White "Kacharava, Nikolozi"]
[Black "Ivanchuk, Vasyl"]
[Result "0-1"]
[WhiteTitle "GM"]
[BlackTitle "GM"]
[WhiteElo "2527"]
[BlackElo "2609"]
[WhiteFideId "13611860"]
[BlackFideId "14100010"]
[EventDate "2024.05.14"]

1. e4 c5 2. Nf3 d6 3. d4 cxd4 4. Nxd4 Nf6 5. Nc3 Nc6 6. Bg5 e6 7. Qd3 Bd7 8.
O-O-O a6 9. f4 h6 10. Bh4 g5 11. fxg5 Ng4 12. Nxc6 Bxc6 13. Qf3 Ne5 14. Qf6 Ng6
15. Bg3 hxg5 16. Qd4 Qa5 17. Be2 Rh7 18. Kb1 O-O-O 19. Rhf1 Nf4 20. Bxf4 gxf4
21. Qf6 Rd7 22. Qxf4 Bg7 23. Rd3 Be5 24. Qg4 Rg7 25. Qh3 Kb8 26. a3 Rc7 27. Re3
Qc5 28. Rc1 Rxg2 29. Qxg2 Qxe3 30. Qg1 Qxg1 31. Rxg1 Bxh2 32. Rg8+ Ka7 33. Bd3
Be5 34. Nd1 Re7 35. Ne3 Re8 36. Rg4 b5 37. c3 Rh8 38. Rg1 Rh3 39. Re1 Bf4 40.
Nc2 Rxd3 41. Nb4 Bxe4 42. Rxe4 Rf3 43. a4 d5 44. Rd4 Bd6 45. Nc2 bxa4 46. Rxa4
Rf4 47. b4 Be5 48. Ra3 Kb6 49. Ne3 Re4 50. Nd1 Re2 51. Nb2 Bd6 52. Ra5 f5 53.
Na4+ Kb7 54. b5 axb5 55. Rxb5+ Kc7 56. Rb2 Rxb2+ 57. Nxb2 e5 58. Kc2 e4 59. Nd1
Bc5 60. Kd2 Kd6 0-1

[Event "7th Sharjah Masters 2024"]
[Site "Sharjah UAE"]
[Date "2024.05.18"]
[Round "5.34"]
[White "Madaminov, Mukhiddin"]
[Black "Peralta, Fernando"]
[Result "1/2-1/2"]
[WhiteTitle "IM"]
[BlackTitle "GM"]
[WhiteElo "2506"]
[BlackElo "2575"]
[WhiteFideId "14210703"]
[BlackFideId "105309"]
[EventDate "2024.05.14"]

1. e4 e5 2. Nf3 Nf6 3. Nxe5 d6 4. Nf3 Nxe4 5. Nc3 Nxc3 6. dxc3 Be7 7. Be3 O-O 8.
Qd2 Nd7 9. O-O-O Nf6 10. Bd4 Re8 11. Bd3 d5 12. c4 c5 13. Bxf6 Bxf6 14. cxd5 Qd6
15. Rde1 Bd7 16. Ng5 Bxg5 17. Qxg5 h6 18. Qd2 Rxe1+ 19. Rxe1 Qxh2 20. g3 Qh5 21.
c4 Qf3 22. Re5 Qf6 23. Qe3 Qd6 24. Bf5 Bxf5 25. Rxf5 Kf8 26. Qe6 Qe7 27. Kd2 Qc7
28. b4 Kg8 29. Qe5 Qb6 30. bxc5 Qxc5 31. Rf4 b5 32. Qd4 Qb4+ 33. Qc3 Qd6 34. Ke2
Rd8 35. Rd4 Qc5 36. Rg4 g6 37. Qf6 Re8+ 38. Kf1 bxc4 39. Rxg6+ 1/2-1/2

[Event "7th Sharjah Masters 2024"]
[Site "Sharjah UAE"]
[Date "2024.05.18"]
[Round "5.36"]
[White "Seemann, Jakub"]
[Black "Dudin, Gleb"]
[Result "0-1"]
[WhiteTitle "IM"]
[BlackTitle "GM"]
[WhiteElo "2475"]
[BlackElo "2554"]
[WhiteFideId "21874697"]
[BlackFideId "34184934"]
[EventDate "2024.05.14"]

1. c4 e5 2. g3 Nf6 3. Bg2 h6 4. d3 d5 5. cxd5 Nxd5 6. Nc3 Nf6 7. f4 Bc5 8. Nf3
exf4 9. d4 Bb6 10. Bxf4 Nc6 11. Qa4 O-O 12. O-O-O Bd7 13. Qa3 a5 14. Ne5 a4 15.
Nxc6 Bxc6 16. e4 Ng4 17. Rd2 g5 18. h3 gxf4 19. hxg4 Bxd4 20. Nd5 Bxd5 21. Rxd4
f3 22. Bxf3 Qg5+ 23. Kb1 Be6 24. Rh5 Qg7 25. Qd3 a3 26. b4 Rad8 27. e5 Qg6 28.
Be4 Rxd4 29. Qxd4 Qxg4 30. Rh4 Qg5 31. Qc3 Rd8 32. Rh1 Qd2 33. Qxd2 Rxd2 34. Bc2
Kg7 35. Re1 Rg2 36. b5 Rxg3 37. Be4 b6 0-1

[Event "7th Sharjah Masters 2024"]
[Site "Sharjah UAE"]
[Date "2024.05.18"]
[Round "5.37"]
[White "Dronavalli, Harika"]
[Black "Can, Emre"]
[Result "0-1"]
[WhiteTitle "GM"]
[BlackTitle "GM"]
[WhiteElo "2504"]
[BlackElo "2549"]
[WhiteFideId "5015197"]
[BlackFideId "6302181"]
[EventDate "2024.05.14"]

1. d4 d5 2. c4 e6 3. Nc3 Nf6 4. Bg5 Bb4 5. e3 h6 6. Bh4 c5 7. cxd5 Qa5 8. Bxf6
Bxc3+ 9. bxc3 Qxc3+ 10. Ke2 gxf6 11. Rc1 Qb4 12. Qd2 Na6 13. dxc5 O-O 14. Nf3
Rd8 15. d6 b6 16. Qxb4 Nxb4 17. a3 Na6 18. cxb6 axb6 19. Nd4 Nc5 20. Ke1 Rxd6
21. Bc4 Bd7 22. Ra1 e5 23. Nc2 b5 24. Be2 Bf5 25. Rd1 Rxd1+ 26. Bxd1 Bxc2 27.
Bxc2 Rxa3 28. Kd2 b4 29. Rc1 Ra2 30. Ke1 Rb2 31. Bh7+ Kxh7 32. Rxc5 Kg6 33. e4
b3 34. Rb5 f5 35. Rb6+ f6 36. exf5+ Kxf5 37. h3 e4 38. g4+ Ke5 39. Kf1 Kd4 40.
Kg1 Kc5 41. Rb8 Kc4 42. Rc8+ Kd3 43. Rb8 Kc3 44. Rc8+ Kd2 45. Rb8 Kc1 46. Rb6
Kd1 47. Kf1 Kd2 48. Rb8 Kc3 49. Rc8+ Kd4 50. Rb8 Kc4 51. Rc8+ Kd5 52. Rb8 Rb1+
53. Kg2 Kc4 54. Rc8+ Kd3 55. Rb8 Kc2 56. Rc8+ Kd3 57. Rb8 Kc2 58. Rc8+ Kb2 59.
Rc6 Rc1 60. Rxf6 Rc2 61. Re6 Kc3 62. Rc6+ Kd3 63. Rb6 b2 64. Kg3 Kc3 65. Kf4
Rxf2+ 66. Kxe4 Rh2 67. Kf5 Rxh3 68. Kg6 Kc2 69. Rc6+ Rc3 70. Rb6 Rb3 71. Rc6+
Kd2 72. Rb6 0-1

[Event "7th Sharjah Masters 2024"]
[Site "Sharjah UAE"]
[Date "2024.05.18"]
[Round "5.39"]
[White "Banusz, Tamas"]
[Black "Cardoso Cardoso, Jose Gabriel"]
[Result "1-0"]
[WhiteTitle "GM"]
[BlackTitle "GM"]
[WhiteElo "2623"]
[BlackElo "2497"]
[WhiteFideId "722413"]
[BlackFideId "4430492"]
[EventDate "2024.05.14"]

1. Nf3 d5 2. d4 Nf6 3. Bf4 c5 4. e3 Nc6 5. Be2 cxd4 6. exd4 Bg4 7. O-O e6 8.
Nbd2 Bd6 9. Bxd6 Qxd6 10. c3 Bxf3 11. Nxf3 O-O 12. Re1 Rfe8 13. Ne5 Nd7 14. f4
Nf8 15. Qd2 f6 16. Nd3 Re7 17. Bf3 Rae8 18. Re3 Nd7 19. Rae1 f5 20. g4 Nf6 21.
Qg2 Ne4 22. Kh1 Rf7 23. Rg1 Kf8 24. Re2 Ree7 25. Qh3 g6 26. Qh4 Ke8 27. Qe1 a5
28. a4 Kd8 29. h4 Kc8 30. Rh2 Rf8 31. g5 Kb8 32. h5 Rc8 33. hxg6 hxg6 34. Rh6
Rg7 35. Rg2 Rcc7 36. Rgh2 Ka7 37. Kg2 Qe7 38. Qe3 b6 39. Be2 Qd6 40. Rh8 Rcd7
41. Ne1 Rd8 42. Nf3 Qb8 43. Qd3 Kb7 44. R2h7 Re7 45. Qa6+ Kc7 46. Rxe7+ Nxe7 47.
Rh7 Re8 48. Bb5 1-0

[Event "7th Sharjah Masters 2024"]
[Site "Sharjah UAE"]
[Date "2024.05.18"]
[Round "5.40"]
[White "Yilmaz, Mustafa"]
[Black "Raja, Rithvik R"]
[Result "1/2-1/2"]
[WhiteTitle "GM"]
[BlackTitle "GM"]
[WhiteElo "2641"]
[BlackElo "2524"]
[WhiteFideId "6302718"]
[BlackFideId "35007394"]
[EventDate "2024.05.14"]

1. c4 e6 2. Nc3 d5 3. d4 c6 4. e4 dxe4 5. Nxe4 Bb4+ 6. Bd2 Qxd4 7. Bxb4 Qxe4+ 8.
Be2 Na6 9. Bd6 Qxg2 10. Bf3 Qg5 11. Ne2 Ne7 12. Ng3 Qa5+ 13. b4 Nxb4 14. O-O Na6
15. Qb3 Nf5 16. Nxf5 Qxf5 17. Kh1 f6 18. Rg1 Kf7 19. Rae1 Nc5 20. Qe3 Nd3 21.
Rd1 Ne5 22. Be2 h5 23. Rg2 g5 24. Bxe5 Qxe5 25. Qxe5 fxe5 26. Rxg5 Kf6 27. h4 b6
28. Bxh5 Ba6 29. Rg6+ Kf5 30. Rg5+ Kf6 31. Rg6+ Kf5 32. Rg5+ Kf6 1/2-1/2

[Event "7th Sharjah Masters 2024"]
[Site "Sharjah UAE"]
[Date "2024.05.18"]
[Round "5.41"]
[White "Sethuraman, S.P."]
[Black "Erdogmus, Yagiz Kaan"]
[Result "0-1"]
[WhiteTitle "GM"]
[BlackTitle "IM"]
[WhiteElo "2593"]
[BlackElo "2554"]
[WhiteFideId "5021596"]
[BlackFideId "44599790"]
[EventDate "2024.05.14"]

1. e4 c6 2. d4 d5 3. exd5 cxd5 4. Bd3 Nc6 5. c3 Qc7 6. h3 e6 7. Nf3 Bd6 8. O-O
Nge7 9. Re1 O-O 10. b3 Ng6 11. Ba3 Bd7 12. Bxd6 Qxd6 13. Nbd2 Rac8 14. Nf1 Nf4
15. Bc2 f6 16. Ne3 Be8 17. h4 Bh5 18. g4 Bg6 19. Bxg6 hxg6 20. Ng2 Nh3+ 21. Kf1
e5 22. Ng1 Nxg1 23. Kxg1 e4 24. f4 b5 25. b4 Nd8 26. Qb3 f5 27. a4 Ne6 28. axb5
Nxf4 29. Ra6 Nh3+ 30. Kh1 Qg3 31. Re3 Qxg4 32. Qxd5+ Kh7 33. Ra2 f4 34. Qxe4
Rce8 35. Qxe8 Rxe8 36. Rxe8 f3 37. Rf8 Qg3 38. d5 Nf2+ 39. Rxf2 Qxf2 40. Nf4
Qe1+ 41. Kh2 f2 42. Nh3 f1=N+ 43. Kg2 Qg3+ 44. Kxf1 Qxh3+ 45. Ke2 Qxc3 46. Rf4
Qe5+ 47. Kf3 Qxd5+ 48. Kg3 Qxb5 49. Rg4 Kh6 0-1

[Event "7th Sharjah Masters 2024"]
[Site "Sharjah UAE"]
[Date "2024.05.18"]
[Round "5.42"]
[White "Sivuk, Vitaly"]
[Black "Klimkowski, Jan"]
[Result "1-0"]
[WhiteTitle "GM"]
[BlackTitle "IM"]
[WhiteElo "2544"]
[BlackElo "2518"]
[WhiteFideId "14116502"]
[BlackFideId "21856222"]
[EventDate "2024.05.14"]

1. d4 Nf6 2. c4 e6 3. Bg5 h6 4. Bh4 Bb4+ 5. Nd2 O-O 6. Nf3 d5 7. Rc1 Nbd7 8. e3
c5 9. a3 Bxd2+ 10. Qxd2 cxd4 11. Qxd4 Qa5+ 12. Qd2 Qb6 13. b4 dxc4 14. Bxc4 a5
15. O-O axb4 16. axb4 Ne4 17. Qc2 Ndf6 18. b5 Bd7 19. Ne5 Qd6 20. Nxd7 Qxd7 21.
Rfd1 Qc7 22. f3 Ng5 23. Bg3 Qb6 24. Qf2 Rfc8 25. e4 Qa5 26. Qb2 Ngh7 27. Bf2 Nf8
28. b6 N6d7 29. Bf1 Rxc1 30. Rxc1 Rd8 31. Rc7 Qa8 32. Bd4 e5 33. Bxe5 Ne6 34.
Bg3 Nxc7 35. bxc7 Rc8 36. Qb5 Nf8 37. h4 Qa7+ 38. Kh2 b6 39. Bc4 Rxc7 40. Bxc7
Qxc7+ 41. g3 Nd7 42. f4 Kf8 43. e5 Nc5 44. Qb1 Ne6 45. Qe4 Qc5 46. f5 Qd4 47.
Qa8+ Qd8 48. Qb7 Qc7 49. Qd5 Nd8 50. Kh3 Ke7 51. Bb5 Kf8 52. Kg4 Qe7 53. Kh5 g6+
54. fxg6 Kg7 55. gxf7 Nxf7 56. e6 Qf6 57. Bd3 Ne5 58. Be4 b5 59. Qb7+ Kf8 60.
Qh7 Qxe6 61. Qh8+ Ke7 62. Qg7+ Ke8 63. Bc2 Kd8 64. Qf8+ Kc7 65. Bf5 Qd5 66. Qc8+
Kb6 67. Qe6+ Kc5 68. Qxd5+ Kxd5 69. Kxh6 b4 70. Kg7 b3 71. h5 Kd4 72. h6 Nd3 73.
Bxd3 Kd5 1-0